Statistiques concernant Villes françaises les plus dangereuses

Cliquez ici pour prendre le quiz!

Statistiques générales

  • Ce quiz a été pris 187 fois
  • Le résultat moyen est 6 sur 10

Statistiques - réponses

Pourcentages de crimesVilles% Correct
9.6%Marseille
98%
10.3%Paris
96%
9.6%Lyon
85%
10.7%Lille
78%
10.3%Bordeaux
61%
10.1%Saint Denis
61%
9.6%Grenoble
47%
10.2%
Rouen
21%
10.1%Nanterre
16%
9%Angoulême
3%

Distribution des résultats

Percentile par nombre de réponses

% des personnes avec chaque résultat

Votre développement - résultats

Vous n’avez pas pris ce quiz